| 000 | 01106cab a2200313 4500 | ||
|---|---|---|---|
| 001 | X3298 | ||
| 008 | 090401t1996 xxu||||| |||| 00| 0 eng d | ||
| 035 | _a(Sirsi) u29659 | ||
| 041 | _aeng | ||
| 245 | _aHart DC v English Oak Construction Ltd | ||
| 260 | _c1996 | ||
| 350 | _a0 | ||
| 490 |
_aPlanning Appeal Decisions _v[1996] 11 PAD 185-190(6) |
||
| 520 | _aDecision letter 10 August 1995. Planning permission refused for B1/B2 workshop units and B1 offices on a site used for haulage purposes without any buildings in a rural location. | ||
| 650 | _aFOREST OF EVERSLEY | ||
| 650 | _aHART DC V ENGLISH OAK CONSTRUCTION LTD | ||
| 650 | _aHAULAGE SITE | ||
| 650 | _aINDUSTRIAL ESTATE | ||
| 650 | _aPLANNING POLICY GUIDANCE NOTE 13 | ||
| 650 | _aPPG7 | ||
| 650 | _aRURAL BUSINESS | ||
| 650 | _aTOWN AND COUNTRY PLANNING ACT 1990 S191 | ||
| 650 | _aTOWN AND COUNTRY PLANNING ACT 1990 S192 | ||
| 650 | _aTOWN AND COUNTRY PLANNING ACT 1990 S54 | ||
| 650 | _aTOWN AND COUNTRY PLANNING ACT 1990 S77 | ||
| 690 | _aPLANNING LAW AND PRACTICE-CASE LAW | ||
| 942 | _n0 | ||
| 948 | _c04/03/1997 | ||
| 999 |
_c19953 _d19953 |
||